00414nam a2200133Ia 4500008004100000082001500041100003000056245008700086260003900173300001000212520001100222650002800233700001900261230907s9999||||xx |||||||||||||| ||und|| a621.3bUZA aUzair Nasir (00000202991) 0aImproving Photovoltaic Module Efficiency Using Back-side Water Cooling Technique / aUSPCAS-E, NUST,bIslamabad :c2020 a76 p. aTH-214 aMS-ESE Thesis MS Thesis aDr Adeel Waqas